000 01188naa a22003017a 4500
001 BR9102904
003 BR-BrBNA
005 20250721155412.0
007 ta
008 250630b bl.|||m| |||| 00| 0 por d
040 _aBR-BrBNA
_bpor
_cBiblioteca Nacional de Agricultura
041 _a(Pt)
072 _aF30
_b0150
_bG514
090 _aF30 BR9102904
100 1 _aBazoni, R.
100 1 _aMorais, O.P. de
111 1 _a3. Reuniao Nacional de Pesquisa de Arroz
_cGoiania, GO (Brazil)
_d16-20 Feb 1987
245 1 _aCompeticao de linhagens de arroz de sequeiro, para a regiao centro e norte do Mato Grosso do Sul
500 _aAnais da 3. Reuniao Nacional de Pesquisa de Arroz Goiania, GO (Brasil): 1991. p. 332-366 [Summary (Pt); 5 ref.] (BR9102904-AMS)
773 0 _tAnais da 3. Reuniao Nacional de Pesquisa de Arroz
_wF30 BR9102904
_gGoiania, GO (Brasil), 1991. p. 332-366
650 _aARROZ SEQUEIRO
650 _aCOMPETICAO DE VARIEDADE
650 _aGENOTIPO
650 _aMATO GROSSO DO SUL
490 _aDocumentos - Centro Nacional de Pesquisa em Arroz e Feijao (Brazil)
_vno. 25
_xISSN 0101-9716
942 _cAMS
_2AGRIS
909 _a202506
_bLúcia
_c55
_dLúcia Elande
999 _c336303
_d336303